01572 2200445 4500001002100000005001500021035002000036007000300056008004100059020002200100040002200122082001800144084002000162090002400182090002200206100002700228245023700255250003500492300005700527650003500584700002700619700002800646700002300674700003100697700003100728700002300759700003500782700003200817700002100849700002800870850001200898490003200910504002500942264004100967336002101008337003001029338002301059999002201082990002201104INLIS00000000085824820210406091507 a0010-0421000153ta210406s2020 yoia gr ind d a978-623-6600-30-6 aYOPDYOGbinderda04223a616.01902 a616.01902 HAM c aDEP 616.01902 HAM c aCB-D.11 2020-16390 aHamdan Daulayepenulis10aCovid-19 dan transformasi keberagamaan /cpenulis, Hamdan Daulay, Khoiro Umatin, Zaen Musyrifin, Mikhriani, Hikmah Endraswati, Rahardiand Aditya, Istiqomah, Muhammad Irfai Muslim, Muhammad Izzul Haq, Casmini; penyunting, Irsyadunnas aCetakan pertama: November 2020 axv, 230 halaman :bilustrasi, grafik, tabel ;c25 cm 4aVirus Covid-19--vBunga rampai0 aKhoiro Umatinepenulis0 aZaen Musyrifinepenulis0 aMikhrianiepenulis0 aHikmah Endraswatiepenulis0 aRahardiand Adityaepenulis0 aIstiqomahepenulis0 aMuhammad Irfai Muslimepenulis0 aMuhammad Izzul Haqepenulis0 aCasminiepenulis0 aIrsyadunnasepenyunting aYOPDYOG aSerial Buku Bungan Rampai 3 aTermasuk bibliografi31aBantul :bLembaga Ladang Kata,c2020 2rdacontentateks 2rdamediaatanpa perantara 2rdacarrieravolume aCB-D.11/2020-1639 aCB-D.11/2020-1639